Deutschland nach Buchstabe - F - Statistiken

Allgemein
  • Dieses Quiz wurde 87 mal gespielt
  • Das Durchschnittsergebnis liegt bei 15 aus 20
Antwortstatistiken
Hinweis Antwort % Korrekt
Name einer Stadt am Main und einer an der Oder Frankfurt
100%
Beliebteste Sportart in Deutschland Fußball
100%
In dieser Stadt in Schleswig-Holstein können Autofahrer Punkte sammeln Flensburg
99%
Ehemaliger Erbfeind Deutschlands, jetzt enger Verbündeter Frankreich
99%
Großstadt im Südwesten Deutschlands mit Universität, Bächle und großem Münster Freiburg
95%
Der nördliche Teil des Bundeslandes Bayern Franken
93%
Orangenlimonade, die im 2. Weltkrieg als Cola-Alternative erfunden wurde Fanta
90%
Barockstadt und Fluss in Hessen Fulda
90%
Sehenswürdigkeit in Dresden und München Frauenkirche
85%
Die erste Eisenbahn Deutschlands verband diese Stadt mit dem benachbarten Nürnberg Fürth
81%
Größte Ostsee-Insel von Schleswig-Holstein Fehmarn
80%
Bedeutender König Preußens während des Siebenjährigen Krieges Friedrich II
79%
Reiche Renaissance-Unternehmerfamilie aus Augsburg Fugger
69%
Bezeichnung für die Nordsee-Küstenregion in Niedersachsen, Schleswig-Holstein und den Niederlande Friesland
66%
Gebirge in Nordost-Bayern zwischen Vogtland und Oberpfalz Fichtelgebirge
65%
Erster Außenminister der Grünen, veranlasste als erster Auslandseinsätze der Bundesrepublik Joschka Fischer
65%
Höchster Berg des Schwarzwalds und damit eines deutschen Mittelgebirges Feldberg
64%
Große DDR-Jugendorganisation FDJ
60%
Ehemalige Residenz und Bistumsstadt in Oberbayern mit Kloster Weihenstephan Freising
48%
Regisseur des Neuen Deutschen Films (Angst Assen Seelen Auf, Berlin Alexanderplatz, Faustrecht der Freiheit) Rainer Werner Fassbinder
23%
Keine übereinstimmenden Quizze gefunden
Verteilung der Resultate
Anzahl Personen mit jedem Resultat
Perzentil nach korrekt beantworteten Fragen
Ihre Resultats-Entwicklung
Sie haben dieses Quiz noch nicht gespielt